| 000 | 00388 a2200121 4500 | ||
|---|---|---|---|
| 001 | ART_12628 | ||
| 005 | 20260410161908.0 | ||
| 008 | 260409a | ||
| 245 | 1 | 0 | _aSerial correlation as a convenient simplification, not a nuisance |
| 100 | 1 | _aHendry, David F. | |
| 700 | 1 | _aMizon, Grayhame E. | |
| 773 | 0 |
_tThe Economic Journal _g- Vol. 88, NÂș 351 (set. 1978) _wREV12512 |
|
| 999 |
_c26521 _d26521 |
||